000 00583nam a2200205Ia 4500
005 20250923145215.0
008 008 250917s9999 xx 000 0 eng d
037 _aTextual
040 _aDSWL
_beng
_cDSWL
041 _aeng
_2eng
084 _aY12:411, N69
_qDSWL
100 _aMitchell, A.R.K.
_9832901
245 0 _aDrugs: The Parents Dilemma
_cby A.R.K. Mitchell
260 _aHertforire
_bPriory Press
_c1969
300 _avii,416p.
365 _aINR
_b13.00
925 _g13.00
942 _cTEXL
_hY12:411, N69
999 _c1448475
_d1448475